| Tag |
First Indicator |
Second Indicator |
Subfields |
| LEADER |
00000cam a2200000 i 4500 |
| 001 |
in00004552921 |
| 008 |
220217t20222022dcuacd 000 0 eng d |
| 005 |
20220321171024.5 |
| 035 |
|
|
|a (OCoLC)on1297841686
|
| 035 |
|
|
|a (OCoLC)1297841686
|
| 040 |
|
|
|a SAT
|b eng
|e rda
|c SAT
|d IND
|d MNT
|d OCLCO
|d PAU
|d UND
|d NTE
|d IBD
|d FDA
|
| 050 |
|
4 |
|a Z675.U5
|b C258 2022
|
| 060 |
|
4 |
|a Z675.U5
|b C37 2022
|
| 100 |
1 |
|
|a Carlson, Scott,
|e author.
|
| 245 |
1 |
4 |
|a The library of the future :
|b how the heart of the campus is transforming /
|c Scott Carlson.
|
| 246 |
3 |
0 |
|a How the heart of the campus is transforming
|
| 264 |
|
1 |
|a Washington, D.C. :
|b The Chronicle of Higher Education,
|c [2022]
|
| 264 |
|
4 |
|c ©2022
|
| 300 |
|
|
|a 52 pages :
|b color illustrations, portraits, charts ;
|c 28 cm
|
| 336 |
|
|
|a text
|b txt
|2 rdacontent
|
| 336 |
|
|
|a still image
|b sti
|2 rdacontent
|
| 337 |
|
|
|a unmediated
|b n
|2 rdamedia
|
| 338 |
|
|
|a volume
|b nc
|2 rdacarrier
|
| 500 |
|
|
|a Cover title; statement of responsibility from page 3.
|
| 505 |
0 |
0 |
|g Introduction --
|g Section 1 --
|t The future of library spaces --
|t The recent evolution in libraries --
|t The master-plan process --
|t The space left over by books --
|t Virtual learning --
|t Planning for new technologies and new uses --
|t Role and relevance --
|t The pandemic's effect on libraries --
|t The library as a public, and welcoming, space --
|g Section 2 --
|t The future of collections --
|t The open movement --
|t A new scholarly press --
|t Open educational resources --
|t Librarians and data mining --
|t The management and use of data --
|t Hidden information --
|t Special collections --
|t Connecting through podcasts --
|g Section 3 --
|t The future of the profession --
|t The skills --
|t Second career librarians --
|t The qualifications --
|t The teaching librarian --
|t Librarian with a Ph.D. --
|t Diversity in the profession --
|t Libraries' struggles to diversify --
|t Librarianship and the pandemic --
|t A final word.
|
| 520 |
|
|
|a Academic libraries occupy a central position on campus, literally and figuratively. For scholars and students, they serve as an essential gateway to knowledge. For publishers, they have been both a partner and a shaper of debates over copyright, censorship, and free and open access to information. For the campus and community, they are a place to connect. Recent years have seen enormous upheaval for libraries and librarians, and the ways they've adapted to such changes point to larger lessons about how colleges and universities can transform, too.
|
| 650 |
|
0 |
|a Academic libraries
|x Administration.
|
| 650 |
|
0 |
|a Academic libraries
|x Effect of technological innovations on.
|
| 650 |
|
0 |
|a Academic libraries
|x Forecasting.
|
| 650 |
|
6 |
|a Bibliothèques universitaires
|x Administration.
|
| 650 |
|
6 |
|a Bibliothèques universitaires
|x Effets des innovations sur.
|
| 650 |
|
6 |
|a Bibliothèques universitaires
|x Prévision.
|
| 710 |
2 |
|
|a Chronicle of Higher Education, Inc.,
|e issuing body.
|
| 948 |
|
|
|h HELD BY TXA - 69 OTHER HOLDINGS
|
| 994 |
|
|
|a Z0
|b TXA
|
| 999 |
f |
f |
|s 04ad952a-5c24-42c9-983d-be9f37b43ba4
|i 04ad952a-5c24-42c9-983d-be9f37b43ba4
|t 0
|
| 952 |
f |
f |
|p noncirc
|a Texas A&M University
|b College Station
|c Cushing Memorial Library & Archives
|s cush ref
|d Cushing: Reference (Does not check out)
|t 0
|e Z675.U5 C258 2022
|h Library of Congress classification
|i unmediated -- volume
|
| 952 |
f |
f |
|p normal
|a Texas A&M University
|b College Station
|c Sterling C. Evans Library
|s Evans stk
|d Evans: Library Stacks
|t 0
|e Z675.U5 C258 2022
|h Library of Congress classification
|i unmediated -- volume
|m A14851768078
|
| 952 |
f |
f |
|p normal
|a Texas A&M University
|b College Station
|c Sterling C. Evans Library
|s Evans stk
|d Evans: Library Stacks
|t 0
|e Z675.U5 C258 2022
|h Library of Congress classification
|i unmediated -- volume
|m A14851768086
|
| 952 |
f |
f |
|p normal
|a Texas A&M University
|b College Station
|c Sterling C. Evans Library
|s Evans stk
|d Evans: Library Stacks
|t 0
|e Z675.U5 C258 2022
|h Library of Congress classification
|i unmediated -- volume
|m A14851768060
|
| 998 |
f |
f |
|a Z675.U5 C258 2022
|t 0
|l Cushing: Reference (Does not check out)
|
| 998 |
f |
f |
|a Z675.U5 C258 2022
|t 0
|l Evans: Library Stacks
|
| 998 |
f |
f |
|a Z675.U5 C258 2022
|t 0
|l Evans: Library Stacks
|
| 998 |
f |
f |
|a Z675.U5 C258 2022
|t 0
|l Evans: Library Stacks
|